000 01062nam a22002535i 4500
001 156874
003 ES-MaACL
005 20250718063328.0
008 040805s1882 fr |||| | fre d
040 _aCAM
_bspa
_cCAM
100 1 _aLafon, Mary,
_d1812-1884
_eaut
_9128583
245 1 0 _aCinquante ans de vie littéraire /
_cpar Mary Lafon.
260 _aParis :
_bCalmann Lévy,
_c1882
_f(Imp. Chaix)
300 _aII, 422 páginas ;
_c18 cm.
530 _aDisponible en formato digital
594 _aMary Lafon es Jean-Bernard Mary-Lafon
650 4 _912393
_aEscritores franceses-
_xBiografías
650 4 _aLiteratura francesa-
_yS.XIX-
_xHistoria y crítica
_914589
852 _aES-MaACL
_cSPP2
_fEx-libris ms. de Antonio Escobar Laredo, 1883
_hDonativo de Antonio Escobar Laredo
_jF-9048
_xPasta española
856 _uhttps://gallica.bnf.fr/ark:/12148/bpt6k299352f.texteImage
_yVersión en línea
_z(Gallica. Bibliothèque nationale de France)
942 _2udc
_cMONANT
_n0
999 _c156874
_d156874